000 00655nam a2200181 i 4500
001 44873
003 ES-MaACL
007 t|
008 030324s1961 sp ||||1| spa d
245 0 0 _aEnciclopedia de química /
_cdirector, George L. Clark ; dirección editorial Gessner G. Hawley ; asesor William A. Hamor ; [traducción, José Beltrán Martínez].
260 _aBarcelona :
_bOmega,
_c[1961]
300 _aXXVIII, 1479 p. :
_bil. ;
_c26 cm.
700 1 _aClark, George L.
_939032
700 1 _aHawley, Gessner G.
_962174
700 1 _aHamor, William A.
_961696
700 1 _aBeltrán Martínez, José.
_927372
852 _aES-MaACL
_jE-754
_bR.48306
999 _c44873
_d44873